| 000 | 00541nam a22002057a 4500 | ||
|---|---|---|---|
| 003 | OSt | ||
| 005 | 20161012120730.0 | ||
| 008 | 161012b xxu||||| |||| 00| 0 eng d | ||
| 020 | _a0131272721 | ||
| 040 | _cDDC. | ||
| 082 | _a658ROB 2005 | ||
| 100 |
_aRobbins,P.Stephen;Coulter,Mary; _911180 |
||
| 245 | _aManagement: | ||
| 250 | _a8th ed. | ||
| 260 |
_aNew Jersey. _bPearson Prentice Hall: _c2005. |
||
| 300 |
_axxxi,608p; _bcol,ill: _c26cm. |
||
| 504 | _aincludes notes and index. | ||
| 650 |
_aManagement. _9364 |
||
| 942 |
_2ddc _cO_SHELF |
||
| 999 |
_c5341 _d5341 |
||